Harry Potter: Fleury et Bott - Statistiques

Statistiques générales
  • Ce quiz a été pris 42 fois
  • Le résultat moyen est 14 sur 68
Statistiques - réponses
Information Réponses % Correct
Première apparition Harry Potter à l'école des sorciers
100%
Pays Royaume-Uni
100%
Nation Angleterre
97%
Ville Londres
97%
Emplacement Chemin de Traverse
94%
Dernière mention Harry Potter et les Reliques de la Mort
94%
Dernière apparition Harry Potter et le Prince de Sang-Mêlé
91%
Fonction Librairie
76%
Livre vendu Le Monstrueux Livre des Monstres
33%
Livre vendu Histoire de la magie
24%
Prix 2 Gallions
21%
Prix 2 Gallions
21%
Prix 2 Gallions
21%
Prix 2 Gallions
21%
Prix 2 Gallions
21%
Prix 2 Gallions
21%
Prix 2 Gallions
21%
Prix 1 Gallion
15%
Prix 1 Gallion
15%
Prix 1 Gallion
15%
Prix 1 Gallion
15%
Prix 1 Gallion
15%
Prix 5 Gallions
15%
Prix 5 Gallions
15%
Prix 5 Gallions
15%
Prix 5 Gallions
15%
Prix 5 Gallions
15%
Prix 5 Gallions
15%
Prix 5 Gallions
15%
Prix 5 Gallions
15%
Livre vendu Le Livre des sorts et enchantements, niveau 1
15%
Livre vendu Le Livre des sorts et enchantements, niveau 2
15%
Livre vendu Le Livre des sorts et enchantements, niveau 3
15%
Prix 10 Gallions
12%
Prix 3 Gallions
12%
Prix 4 Gallions
12%
Livre vendu Chasse aux Loups-garous
12%
Livre vendu Flâneries avec le Spectre de la mort
12%
Livre vendu Forces obscures : comment s'en protéger
12%
Livre vendu Comment Apprivoiser les Tigres
9%
Livre vendu Cristal brisé : les mauvais coups du sort
9%
Livre vendu Encyclopédie des champignons vénéneux
9%
Livre vendu Griffes de Lézard d'Afrique
9%
Livre vendu L'armée de Dumbledore, le côté sombre des vétérans
9%
Livre vendu Lever le voile du futur
9%
Livre vendu Mille herbes et champignons magiques
9%
Prix 39 Gallions
6%
Livre vendu Le guide officiel de la Coupe du Monde de Quidditch
6%
Livre vendu L'Encyclopédie des Yeux de Chauve-Souris
6%
Livre vendu Livre invisible de l'invisibilité
6%
Livre vendu Magie théorique
6%
Livre vendu Le Livre des Potions
3%
Livre vendu Manuel avancé de préparation des potions
3%
Livre vendu Manuel de métamorphose à l'usage des débutants
3%
Livre vendu Ma vie de Cracmol
3%
Livre vendu Potions magiques
3%
Livre vendu Randonnées avec les trolls
3%
Livre vendu Sorts et contre-sorts
3%
Livre vendu Vacances avec les harpies
3%
Livre vendu Vadrouilles avec les goules
3%
Livre vendu Vie et mensonges d'Albus Dumbledore
3%
Livre vendu Manuel du cours moyen de métamorphose
0%
Livre vendu Prédire l'imprévisible : protégez-vous contre les chocs
0%
Livre vendu Présages de mort : que faire lorsque l'on sent venir le pire
0%
Livre vendu Promenades avec les loups-garous
0%
Livre vendu Une année avec le Yéti
0%
Livre vendu Vie et habitat des animaux fantastiques
0%
Livre vendu Voyages avec les vampires
0%
Aucun quiz correspondant
Distribution des résultats
% des personnes avec chaque résultat
Percentile par nombre de réponses
Votre historique - résultats
Vous n’avez pas pris ce quiz